|
|
|
|
| LEADER |
00000nam0a2200000 4500 |
| 001 |
273836 |
| 005 |
20231101234652.0 |
| 020 |
|
|
|a RU
|b 87-69897
|
| 035 |
|
|
|a (RuTPU)RU\TPU\book\297046
|
| 090 |
|
|
|a 273836
|
| 100 |
|
|
|a 20141029d1987 k y0rusy5003 ca
|
| 101 |
0 |
|
|a rus
|
| 102 |
|
|
|a RU
|
| 105 |
|
|
|a a z 001zy
|
| 200 |
1 |
|
|a Минеральные удобрения. Новые исследования и разработки
|e межвузовский сборник научных трудов
|f Ленинградский технологический институт им. Ленсовета (ЛТИ)
|
| 210 |
|
|
|a Ленинград
|c Изд-во ЛТИ
|d 1987
|
| 215 |
|
|
|a 164 с.
|c ил.
|d 20 см
|
| 320 |
|
|
|a Библиогр. в конце ст.
|
| 606 |
1 |
|
|a Минеральные удобрения
|x Производство
|2 stltpush
|3 (RuTPU)RU\TPU\subj\72532
|9 86002
|
| 610 |
1 |
|
|a флотационное обогащение
|
| 610 |
1 |
|
|a химическое обогащение
|
| 610 |
1 |
|
|a фосфатное сырье
|
| 610 |
1 |
|
|a примесные компоненты
|
| 610 |
1 |
|
|a иммобилизация
|
| 610 |
1 |
|
|a апатиты
|
| 610 |
1 |
|
|a нефелины
|
| 610 |
1 |
|
|a совместная переработка
|
| 610 |
1 |
|
|a сточные воды
|
| 610 |
1 |
|
|a очистка
|
| 675 |
|
|
|a 661.152
|z rus
|v 3
|
| 712 |
0 |
2 |
|a Ленинградский технологический институт им. Ленсовета (ЛТИ)
|2 stltpush
|3 (RuTPU)RU\TPU\col\1462
|
| 801 |
|
0 |
|a RU
|b RuMRKP
|c 19950417
|g psbo
|
| 801 |
|
1 |
|a RU
|b 63413507
|c 20141029
|
| 801 |
|
2 |
|a RU
|b 63413507
|c 20170116
|g RCR
|
| 942 |
|
|
|c BK
|